| 000 | 00454nam a2200121Ia 4500 | ||
|---|---|---|---|
| 008 | 220512s9999 xx 000 0 eng d | ||
| 100 | _aReddy, B Sudhakara | ||
| 245 | 0 |
_aEnergy in the Development Strategy of Indian Households-the Missing Half / _cReddy, B Sudhakara and others |
|
| 260 |
_aMumbai : _bIndira Gandhi Institute of Development Research, _cJan-12 |
||
| 500 | _aMumbai Working Paper No WP-2012-003 | ||
| 546 | _aEnglish | ||
| 942 | _cPR | ||
| 999 |
_c36784 _d36784 |
||